[Event "Scottish op"]
[Site "Dunfermline"]
[Date "2025.07.12"]
[Round "8"]
[White "Christiansen, Johan Sebastian"]
[Black "Green, Andrew"]
[Result "1-0"]
[WhiteElo "2642"]
[BlackElo "2131"]
[PlyCount "243"]
[EventDate "2025.07.07"]
[EventType "swiss"]
[EventRounds "9"]
[EventCountry "SCO"]
[SourceTitle "CB29_2025"]
[SourceDate "2025.07.16"]
[SourceVersion "1"]
[SourceVersionDate "2025.07.16"]
[SourceQuality "1"]

1. e4 c5 2. Nf3 g6 3. c3 d5 4. e5 Bg4 5. d4 cxd4 6. cxd4 Nc6 7. Nbd2 Qa5 8. Qb3 Qb4 9. Bb5 e6 10. 0-0 Qxb3 11. Bxc6+ bxc6 12. Nxb3 Bxf3 13. gxf3 Ne7 14. Be3 Nf5 15. Rfc1 Kd7 16. Rc2 a5 17. Nc1 a4 18. Nd3 Be7 19. Rac1 Ra6 20. Kf1 Rb8 21. Ke2 Rb5 22. Rb1 Rab6 23. Kd1 Nh4 24. f4 Nf5 25. Ne1 h5 26. Nd3 Bf8 27. Rbc1 Be7 28. Re2 Bf8 29. Kc2 Be7 30. Kb1 Bf8 31. Rec2 Be7 32. Rd1 Bf8 33. Nc1 Ba3 34. Rdd2 Bb4 35. Rd3 Be7 36. Ne2 h4 37. h3 Rb7 38. Ka1 Rb8 39. Rd1 R8b7 40. Rdc1 R7b6 41. Bd2 Ra6 42. Be3 Bf8 43. Ng1 Be7 44. Nf3 Rab6 45. Bd2 Ra6 46. Be3 Rab6 47. Rd1 Rb7 48. Ne1 R7b6 49. Nd3 Ra6 50. Kb1 Rab6 51. Kc1 Ra6 52. Kd2 Rab6 53. Kc1 Ra6 54. Ne1 Rab6 55. Nf3 Rb7 56. Ng1 R7b6 57. Ne2 Ra6 58. Rd3 Bf8 59. Nc3 Rb4 60. Ne2 Rb5 61. Bd2 Be7 62. Nc3 Rb4 63. Ne2 Rb5 64. Kb1 Rb7 65. Nc1 Rb5 66. Be3 Rb7 67. a3 Rab6 68. Ka1 Rb5 69. Rdc3 R7b6 70. Rd3 Rb7 71. Ne2 Ra7 72. Nc3 Rbb7 73. Bd2 Rb3 74. Ka2 Ra6 75. Be3 Bf8 76. Rd1 Be7 77. Rdc1 Rb7 78. Rd2 Bf8 79. Rcd1 Be7 80. Rd3 Bf8 81. Bd2 Rb3 82. Ka1 Be7 83. Bc1 Bf8 84. Ka2 Be7 85. Be3 Bf8 86. Rc1 Be7 87. Rd2 Rb7 88. Ra1 Bf8 89. Kb1 Be7 90. Kc2 Ra8 91. Rd3 Ra6 92. Rc1 Bf8 93. Rd2 Be7 94. Kd3 Rb3 95. Ke2 Bf8 96. Rdc2 Be7 97. Rd1 Bf8 98. Rd3 Rb7 99. Bc1 Be7 100. Nd1 Rab6 101. Bd2 Bf8 102. Bc3 Rb3 103. Ne3 Be7 104. Rd1 Rb8 105. Rdc1 R8b7 106. Rd2 Bf8 107. Nc2 Be7 108. Ne1 Bf8 109. Nd3 Be7 110. Rcc2 Bf8 111. Nc1 R3b5 112. Na2 Rb3 113. Rd3 Be7 114. Rcd2 Rb8 115. Bb4 Bxb4 116. Rxb3 axb3 117. Nxb4 Rb5 118. Na6 c5 119. Nxc5+ Kc6 120. Na4 Rb8 121. Kd3 g5 122. fxg5 1-0

[Event "Scottish op"]
[Site "Dunfermline"]
[Date "2025.07.10"]
[Round "6"]
[White "Christiansen, Johan Sebastian"]
[Black "Bhatia, Kanishka"]
[Result "1-0"]
[WhiteElo "2642"]
[BlackElo "1923"]
[PlyCount "83"]
[EventDate "2025.07.07"]
[EventType "swiss"]
[EventRounds "9"]
[EventCountry "SCO"]
[SourceTitle "CB29_2025"]
[SourceDate "2025.07.16"]
[SourceVersion "1"]
[SourceVersionDate "2025.07.16"]
[SourceQuality "1"]

1. e4 e5 2. Nf3 Nc6 3. Bc4 Bc5 4. 0-0 Nf6 5. d4 exd4 6. e5 d5 7. exf6 dxc4 8. fxg7 Rg8 9. Re1+ Be6 10. Bg5 Be7 11. Bxe7 Qxe7 12. Nxd4 Rd8 13. c3 Rxg7 14. Nxe6 Rxd1 15. Nxg7+ Kf8 16. Rxd1 Kxg7 17. Nd2 Ne5 18. Re1 Qg5 19. Re3 Ng4 20. Nf3 Qc5 21. Re2 Nf6 22. Rd1 Qa5 23. a3 Qa4 24. Rdd2 c6 25. Re7 Nd5 26. Rxb7 Qa6 27. Rd7 Qc8 28. Ne5 Qb8 29. Rxf7+ Kg8 30. Rf5 h6 31. Nxc6 Qe8 32. Re5 Qxc6 33. Rexd5 Qa4 34. Rd7 a6 35. h3 Qb5 36. g3 a5 37. Rc7 Qe8 38. Rdd7 Qe1+ 39. Kg2 Qe8 40. Rg7+ Kh8 41. Rh7+ Kg8 42. Rcg7+ 1-0

[Event "Scottish op"]
[Site "Dunfermline"]
[Date "2025.07.07"]
[Round "1"]
[White "Ridge, Michael"]
[Black "Christiansen, Johan Sebastian"]
[Result "0-1"]
[WhiteElo "1867"]
[BlackElo "2642"]
[PlyCount "50"]
[EventDate "2025.07.07"]
[EventType "swiss"]
[EventRounds "9"]
[EventCountry "SCO"]
[SourceTitle "CB29_2025"]
[SourceDate "2025.07.16"]
[SourceVersion "1"]
[SourceVersionDate "2025.07.16"]
[SourceQuality "1"]

1. Nf3 c5 2. g3 Nc6 3. Bg2 g6 4. c4 Bg7 5. Nc3 e6 6. d4 Nxd4 7. Nxd4 cxd4 8. Ne4 d5 9. Qa4+ Kf8 10. Qa3+ Qe7 11. Nd6 Be5 12. c5 h5 13. f4 Bf6 14. Bd2 Kg7 15. 0-0 Nh6 16. Rac1 Nf5 17. Rc2 Bd7 18. Bb4 Ne3 19. Rfc1 a5 20. Bxa5 Nxc2 21. Rxc2 b6 22. cxb6 Rxa5 23. Nf5+ exf5 24. Qxa5 d3 25. exd3 Qe3+ 0-1

[Event "Titled Tuesday intern op 01st Apr Early"]
[Site "Chess.com INT"]
[Date "2025.04.01"]
[Round "7"]
[White "Christiansen, Johan Sebastian"]
[Black "Csonka, Balazs"]
[Result "0-1"]
[WhiteElo "2657"]
[BlackElo "2473"]
[PlyCount "122"]
[EventDate "2025.04.01"]
[EventType "swiss (blitz)"]
[EventRounds "11"]
[EventCountry "USA"]
[SourceTitle "CB15_2025"]
[SourceDate "2025.04.09"]
[SourceVersion "1"]
[SourceVersionDate "2025.04.09"]
[SourceQuality "1"]

1. e4 e5 2. Nf3 Nf6 3. Nc3 Nc6 4. a3 Nd4 5. Nxe5 d5 6. d3 Bd6 7. Nf3 Nxf3+ 8. gxf3 Qe7 9. Bg5 c6 10. d4 h6 11. Bxf6 Qxf6 12. e5 Qe7 13. Rg1 g5 14. f4 gxf4 15. Qf3 f6 16. 0-0-0 fxe5 17. dxe5 Bxe5 18. Re1 Kd8 19. Nxd5 Qd6 20. Nb4 Bd7 21. Rd1 Qe7 22. Nxc6+ bxc6 23. Qxc6 Rc8 24. Qa6 Ke8 25. Bd3 Rc6 26. Qb7 Rb6 27. Bg6+ Kf8 28. Qd5 Bxb2+ 29. Kd2 Rd6 30. c4 Rxd5+ 31. cxd5 Qc5 32. Ke2 Bb5+ 33. Kf3 Qc3+ 34. Kxf4 Qf6+ 35. Ke4 Qe5+ 36. Kf3 Kg7 37. Be4+ Kf6 38. Rg6+ Kf7 39. Re6 Rf8 40. Rxe5 Bxe5 41. Kg2 Ke7 42. f3 Kd6 43. Rb1 a6 44. Rc1 Rf7 45. h4 Rc7 46. Rxc7 Kxc7 47. Kh3 Bd6 48. Kg4 Bxa3 49. Kh5 Bc1 50. Kg6 Kd6 51. Kf5 a5 52. h5 a4 53. Bb1 a3 54. Ba2 Be2 55. Ke4 Bd1 56. f4 Bxh5 57. f5 Bf7 58. Kd4 h5 59. Ke4 h4 60. f6 h3 61. Kf3 Bxd5+ 0-1

[Event "Titled Tuesday intern op 01st Apr Early"]
[Site "Chess.com INT"]
[Date "2025.04.01"]
[Round "3"]
[White "Christiansen, Johan Sebastian"]
[Black "Nurgaliyev, Sauat"]
[Result "0-1"]
[WhiteElo "2657"]
[BlackElo "2373"]
[PlyCount "86"]
[EventDate "2025.04.01"]
[EventType "swiss (blitz)"]
[EventRounds "11"]
[EventCountry "USA"]
[SourceTitle "CB15_2025"]
[SourceDate "2025.04.09"]
[SourceVersion "1"]
[SourceVersionDate "2025.04.09"]
[SourceQuality "1"]

1. e4 c5 2. Nf3 d6 3. Nc3 Nf6 4. e5 dxe5 5. Nxe5 a6 6. g3 Qd6 7. Nf3 Nc6 8. Bg2 g6 9. 0-0 Bg7 10. d3 0-0 11. Bf4 e5 12. Bg5 Re8 13. Qd2 Bg4 14. h3 Bxf3 15. Bxf3 Rad8 16. Bg2 c4 17. Rad1 cxd3 18. cxd3 Nd4 19. Rfe1 b5 20. Kh1 Rc8 21. Rf1 b4 22. Ne4 Nxe4 23. dxe4 Qb6 24. Be3 Red8 25. Qd3 Qa5 26. Qb1 h5 27. f4 Ne2 28. Kh2 h4 29. f5 Nxg3 30. Rfe1 gxf5 31. exf5 e4 32. Rxd8+ Rxd8 33. Bg5 Re8 34. Bxh4 Nxf5 35. Rxe4 Rxe4 36. Qxe4 Qe5+ 37. Bg3 Nxg3 38. Qa8+ Kh7 39. Bf3 Ne4+ 40. Kg1 Qg3+ 41. Bg2 Bd4+ 42. Kh1 Qe1+ 43. Kh2 Qg1# 0-1

[Event "Titled Tuesday intern op 18th Mar Late"]
[Site "Chess.com INT"]
[Date "2025.03.18"]
[Round "3"]
[White "Boci, Mateo"]
[Black "Christiansen, Johan Sebastian"]
[Result "0-1"]
[WhiteElo "2312"]
[BlackElo "2657"]
[PlyCount "80"]
[EventDate "2025.03.18"]
[EventType "swiss (blitz)"]
[EventRounds "11"]
[EventCountry "USA"]
[SourceTitle "CB13_2025"]
[SourceDate "2025.03.26"]
[SourceVersion "1"]
[SourceVersionDate "2025.03.26"]
[SourceQuality "1"]

1. e4 e5 2. Nf3 Nc6 3. Nc3 Nf6 4. Bb5 Bd6 5. d3 h6 6. a3 a6 7. Ba4 0-0 8. h3 Nh7 9. g4 Nd4 10. Nxd4 exd4 11. Ne2 c5 12. Bf4 Bxf4 13. Nxf4 Qa5+ 14. c3 dxc3 15. bxc3 b5 16. Bc2 Qxc3+ 17. Kf1 Bb7 18. h4 Qe5 19. Nh3 d5 20. f4 Qe7 21. e5 d4 22. Rh2 Qxh4 23. Qe2 Qg3 24. Qf2 Qxg4 25. Bd1 Qf5 26. Ke2 c4 27. Bc2 Rac8 28. Rg1 cxd3+ 29. Bxd3 Rc2+ 30. Bxc2 Qxc2+ 31. Kf1 Qc4+ 32. Qe2 d3 33. Qd2 Rc8 34. Kf2 Qd4+ 35. Kg3 Rc2 36. Qa5 Qe3+ 37. Kh4 Rxh2 38. Qd8+ Nf8 39. Rg3 Qxf4+ 40. Rg4 g5+ 0-1

[Event "Titled Tuesday intern op 18th Mar Late"]
[Site "Chess.com INT"]
[Date "2025.03.18"]
[Round "9"]
[White "Christiansen, Johan Sebastian"]
[Black "Kacharava, Nikoloz"]
[Result "1-0"]
[WhiteElo "2657"]
[BlackElo "2521"]
[PlyCount "63"]
[EventDate "2025.03.18"]
[EventType "swiss (blitz)"]
[EventRounds "11"]
[EventCountry "USA"]
[SourceTitle "CB13_2025"]
[SourceDate "2025.03.26"]
[SourceVersion "1"]
[SourceVersionDate "2025.03.26"]
[SourceQuality "1"]

1. e4 c5 2. Nf3 d6 3. Nc3 Nf6 4. e5 dxe5 5. Nxe5 e6 6. g3 Bd6 7. d4 Bxe5 8. dxe5 Qxd1+ 9. Nxd1 Nfd7 10. f4 a6 11. Bg2 Ra7 12. Ne3 b5 13. a4 b4 14. Nc4 Ke7 15. Nd6 a5 16. Be3 Ba6 17. Nb5 Bxb5 18. axb5 Rc8 19. 0-0 Nb6 20. Rfd1 a4 21. b3 a3 22. Rd6 N8d7 23. Bc6 Nd5 24. Bf2 Rac7 25. Rd1 f6 26. f5 N5b6 27. fxe6 Nxe5 28. Bxc5 Nxc6 29. Rxc6+ Ke8 30. Bxb6 Rxc6 31. bxc6 Rxc6 32. Ba5 1-0

[Event "Titled Tuesday intern op 18th Mar Late"]
[Site "Chess.com INT"]
[Date "2025.03.18"]
[Round "11"]
[White "Martinez Alcantara, Jose Eduardo"]
[Black "Christiansen, Johan Sebastian"]
[Result "0-1"]
[WhiteElo "2606"]
[BlackElo "2657"]
[PlyCount "122"]
[EventDate "2025.03.18"]
[EventType "swiss (blitz)"]
[EventRounds "11"]
[EventCountry "USA"]
[SourceTitle "CB13_2025"]
[SourceDate "2025.03.26"]
[SourceVersion "1"]
[SourceVersionDate "2025.03.26"]
[SourceQuality "1"]

1. c4 e5 2. g3 Nc6 3. Bg2 Bc5 4. e3 d6 5. Ne2 a6 6. d4 Ba7 7. Nbc3 h5 8. h3 h4 9. g4 f5 10. gxf5 Bxf5 11. a3 Nf6 12. b4 Qd7 13. d5 Ne7 14. e4 Bg6 15. Qd3 0-0 16. Bg5 Bxf2+ 17. Kd1 Nh7 18. Bd2 Bh5 19. Kc2 Ng6 20. Raf1 a5 21. Kb3 Rf7 22. Be3 axb4 23. axb4 Raf8 24. Bd2 Qe7 25. Nb5 Bb6 26. Nec3 Rf2 27. Rhg1 Nf4 28. Bxf4 R2xf4 29. Rh1 Qg5 30. c5 Qxg2 31. Rfg1 Qf3 32. Qxf3 Bxf3 33. cxb6 Bxh1 34. Rxh1 cxb6 35. Nxd6 Ng5 36. Ka4 Rf3 37. Nb1 Rxh3 38. Re1 Rg3 39. Nxb7 h3 40. d6 Nf3 41. Rh1 h2 42. Nc3 Rg1 43. Rxh2 Nxh2 44. d7 Ra1+ 45. Kb5 g5 46. d8Q Rxd8 47. Nxd8 g4 48. Ne2 Re1 49. Ng3 Rg1 50. Nf5 g3 51. Ne6 g2 52. Nh4 Ng4 53. Ng5 Ne3 54. Ngf3 Rf1 55. Nxg2 Rxf3 56. Ne1 Rf4 57. Kxb6 Rxe4 58. b5 Nc4+ 59. Kc5 Rxe1 60. Kxc4 Rb1 61. b6 Rxb6 0-1

[Event "Titled Tuesday intern op 11th Mar Late"]
[Site "Chess.com INT"]
[Date "2025.03.11"]
[Round "6"]
[White "Christiansen, Johan Sebastian"]
[Black "Caruana, Fabiano"]
[Result "0-1"]
[WhiteElo "2657"]
[BlackElo "2783"]
[PlyCount "60"]
[EventDate "2025.03.11"]
[EventType "swiss (blitz)"]
[EventRounds "11"]
[EventCountry "USA"]
[SourceTitle "CB12_2025"]
[SourceDate "2025.03.19"]
[SourceVersion "1"]
[SourceVersionDate "2025.03.19"]
[SourceQuality "1"]

1. e4 c5 2. Nf3 Nc6 3. b4 cxb4 4. d4 d5 5. exd5 Qxd5 6. c4 bxc3 7. Nxc3 Qa5 8. d5 e6 9. dxc6 Bb4 10. Bd2 Bxc3 11. Rc1 Bxd2+ 12. Nxd2 Nf6 13. c7 0-0 14. Bd3 Bd7 15. 0-0 Bc6 16. Rc4 Qxc7 17. Rh4 g6 18. Qe2 Rad8 19. Nb3 Rd5 20. Qe3 Rfd8 21. Bc2 Qe5 22. Qxa7 Qc3 23. Na1 Rg5 24. f3 Bxf3 25. g3 Rd2 26. Rf4 Rg2+ 27. Kh1 R2xg3+ 28. R4xf3 Rxf3 29. Rd1 Kg7 30. Qb8 Rf2 0-1

[Event "Titled Tuesday intern op 11th Mar Early"]
[Site "Chess.com INT"]
[Date "2025.03.11"]
[Round "7"]
[White "Christiansen, Johan Sebastian"]
[Black "Jaiveer, Mahendru"]
[Result "1-0"]
[WhiteElo "2657"]
[BlackElo "2251"]
[PlyCount "91"]
[EventDate "2025.03.11"]
[EventType "swiss (blitz)"]
[EventRounds "11"]
[EventCountry "USA"]
[SourceTitle "CB12_2025"]
[SourceDate "2025.03.19"]
[SourceVersion "1"]
[SourceVersionDate "2025.03.19"]
[SourceQuality "1"]

1. e4 e6 2. d4 d5 3. Nc3 Nf6 4. Bg5 dxe4 5. Nxe4 Be7 6. Bxf6 Bxf6 7. Nf3 b6 8. Bb5+ Bd7 9. Qe2 0-0 10. 0-0-0 Bxb5 11. Qxb5 Qd5 12. Qxd5 exd5 13. Nxf6+ gxf6 14. Rhe1 Nc6 15. Nh4 Rfe8 16. Nf5 Re6 17. Re3 Rxe3 18. fxe3 Re8 19. Rf1 Ne7 20. Ng3 Kg7 21. Nh5+ Kg6 22. Nxf6 Rd8 23. Ng4 Kg7 24. Kd2 Rd6 25. Ne5 f6 26. Nd3 Re6 27. Nf4 Rd6 28. g4 c5 29. h4 Ng8 30. Rg1 Ne7 31. Kd3 Nc6 32. c3 Ne7 33. Rf1 Ng8 34. Nh5+ Kg6 35. Ng3 Rd7 36. Nh5 Rd6 37. b3 Nh6 38. Nxf6 a5 39. e4 dxe4+ 40. Nxe4 Rd7 41. h5+ Kg7 42. g5 Nf7 43. h6+ Kh8 44. Rf5 cxd4 45. cxd4 Re7 46. Nd6 1-0

[Event "Titled Tuesday intern op 11th Mar Early"]
[Site "Chess.com INT"]
[Date "2025.03.11"]
[Round "10"]
[White "De Boer, Eelke"]
[Black "Christiansen, Johan Sebastian"]
[Result "0-1"]
[WhiteElo "2412"]
[BlackElo "2657"]
[PlyCount "66"]
[EventDate "2025.03.11"]
[EventType "swiss (blitz)"]
[EventRounds "11"]
[EventCountry "USA"]
[SourceTitle "CB12_2025"]
[SourceDate "2025.03.19"]
[SourceVersion "1"]
[SourceVersionDate "2025.03.19"]
[SourceQuality "1"]

1. e4 e5 2. Nf3 Nc6 3. Bb5 f5 4. Nc3 fxe4 5. Nxe4 d5 6. Nxe5 dxe4 7. Nxc6 Qd5 8. c4 Qd6 9. Nxa7+ Bd7 10. Bxd7+ Qxd7 11. Nb5 Nf6 12. 0-0 c6 13. Nc3 Bc5 14. d3 exd3 15. Be3 Bxe3 16. fxe3 0-0 17. Qd2 Rfe8 18. h3 Rad8 19. Rf3 Qd6 20. Raf1 Qe5 21. b3 h6 22. R1f2 Re6 23. g3 b5 24. Kg2 b4 25. Nd1 Ne4 26. Qxb4 Nxf2 27. Rxf2 Rg6 28. Rf3 d2 29. c5 Kh7 30. Kf2 Rd5 31. g4 Qh2+ 32. Kf1 Qh1+ 33. Ke2 Qe1# 0-1

[Event "Bogota 1st"]
[Site "Bogota"]
[Date "2025.02.22"]
[Round "10"]
[White "Christiansen, Johan Sebastian"]
[Black "Rivera, Alberto"]
[Result "1-0"]
[WhiteElo "2658"]
[BlackElo "2263"]
[PlyCount "54"]
[EventDate "2025.02.17"]
[EventType "tourn"]
[EventRounds "10"]
[EventCountry "COL"]
[EventCategory "1"]
[SourceTitle "CB09_2025"]
[SourceDate "2025.02.27"]
[SourceVersion "1"]
[SourceVersionDate "2025.02.27"]
[SourceQuality "1"]

1. e4 e5 2. Nf3 Nc6 3. d4 exd4 4. Bc4 d6 5. Nxd4 Be7 6. Nxc6 bxc6 7. e5 d5 8. Bd3 Bc5 9. Qh5 g6 10. Qe2 Qh4 11. h3 Qe7 12. Nd2 Be6 13. 0-0 h6 14. c4 Qd7 15. Nb3 Bf8 16. cxd5 cxd5 17. Be3 c6 18. Rac1 Ne7 19. Nc5 Qc7 20. Nxe6 fxe6 21. Qg4 Kd7 22. Bc5 Qb7 23. Qa4 Bg7 24. Ba6 Qc7 25. Bd6 Qb6 26. Bxe7 Kxe7 27. Rxc6 Qb8 1-0

[Event "Bogota 1st"]
[Site "Bogota"]
[Date "2025.02.19"]
[Round "5"]
[White "Rivera, Alberto"]
[Black "Christiansen, Johan Sebastian"]
[Result "0-1"]
[WhiteElo "2263"]
[BlackElo "2658"]
[PlyCount "60"]
[EventDate "2025.02.17"]
[EventType "tourn"]
[EventRounds "10"]
[EventCountry "COL"]
[EventCategory "1"]
[SourceTitle "CB09_2025"]
[SourceDate "2025.02.27"]
[SourceVersion "1"]
[SourceVersionDate "2025.02.27"]
[SourceQuality "1"]

1. d4 Nf6 2. Nf3 c5 3. d5 b5 4. c4 Bb7 5. e3 g6 6. b3 Nxd5 7. Bb2 Nf6 8. cxb5 Bg7 9. Nbd2 0-0 10. Be2 a6 11. bxa6 Nxa6 12. 0-0 d6 13. Nc4 Qc7 14. Qc1 Nb4 15. a3 Nc6 16. Rd1 Rfb8 17. Qc2 Ba6 18. Bf1 Qb7 19. Nfd2 Rd8 20. h3 Qc7 21. Nf3 e5 22. Ncd2 Bxf1 23. Rxf1 Rab8 24. Rfc1 Rb5 25. Rab1 Rdb8 26. b4 Bf8 27. Ba1 Qa7 28. Qd3 Qa6 29. Ne4 Nxe4 30. Qxe4 Qxa3 0-1

[Event "Bogota 1st"]
[Site "Bogota"]
[Date "2025.02.18"]
[Round "2"]
[White "Christiansen, Johan Sebastian"]
[Black "Soto, Cristian Camilo"]
[Result "1-0"]
[WhiteElo "2658"]
[BlackElo "2093"]
[PlyCount "118"]
[EventDate "2025.02.17"]
[EventType "tourn"]
[EventRounds "10"]
[EventCountry "COL"]
[EventCategory "1"]
[SourceTitle "CB09_2025"]
[SourceDate "2025.02.27"]
[SourceVersion "1"]
[SourceVersionDate "2025.02.27"]
[SourceQuality "1"]

1. e4 c5 2. Nf3 e6 3. d4 cxd4 4. Nxd4 Nf6 5. Nc3 Nc6 6. Ndb5 Bb4 7. Bf4 0-0 8. Bc7 Qe7 9. Bd6 Bxd6 10. Qxd6 a6 11. Qxe7 Nxe7 12. Nd6 Ne8 13. 0-0-0 Nxd6 14. Rxd6 b5 15. Be2 Ra7 16. a4 b4 17. Na2 a5 18. Bb5 f5 19. e5 Ng6 20. Re1 Rc7 21. Kb1 Rf7 22. Nc1 Bb7 23. f3 Nh4 24. Re2 g5 25. Red2 Bd5 26. Nd3 f4 27. Ra6 g4 28. fxg4 Nxg2 29. Rxa5 b3 30. cxb3 Ne3 31. Nf2 Rf8 32. Ka2 Rc1 33. Nd3 Rc7 34. h3 f3 35. Ra6 Kf7 36. Rd6 Ke7 37. Nf2 Rf4 38. Rd3 Nc2 39. Rc3 Nb4+ 40. Ka3 Nc2+ 41. Ka2 Nb4+ 42. Kb1 Rb7 43. Kc1 Na2+ 44. Kc2 Nxc3 45. bxc3 h5 46. c4 Rc7 47. Kd3 hxg4 48. hxg4 Bc6 49. Ke3 Rf8 50. Rd3 Bxb5 51. axb5 Ra7 52. Rd2 Ra1 53. Nd3 Rg1 54. Nc5 Re1+ 55. Kf2 Rxe5 56. Rxd7+ Ke8 57. Rc7 Kd8 58. b6 Re2+ 59. Kf1 Ke8 1-0

[Event "Bogota 1st"]
[Site "Bogota"]
[Date "2025.02.18"]
[Round "3"]
[White "Claverie, Raul Ricardo"]
[Black "Christiansen, Johan Sebastian"]
[Result "0-1"]
[WhiteElo "2269"]
[BlackElo "2658"]
[PlyCount "62"]
[EventDate "2025.02.17"]
[EventType "tourn"]
[EventRounds "10"]
[EventCountry "COL"]
[EventCategory "1"]
[SourceTitle "CB09_2025"]
[SourceDate "2025.02.27"]
[SourceVersion "1"]
[SourceVersionDate "2025.02.27"]
[SourceQuality "1"]

1. e4 e5 2. Nf3 Nc6 3. Bc4 Nf6 4. d3 h6 5. a4 g6 6. 0-0 Bg7 7. Bb5 d6 8. a5 a6 9. Bc4 d5 10. exd5 Nxd5 11. Re1 0-0 12. Bd2 b6 13. axb6 cxb6 14. Nc3 Nde7 15. Ra4 Bb7 16. Bb3 Nf5 17. Rg4 Kh8 18. Bd5 Qd6 19. Be4 Rae8 20. Nd5 b5 21. Bc3 Qd7 22. Nb6 Qd8 23. Nd5 Bc8 24. Nf4 Nfe7 25. Bxc6 Nxc6 26. Nxg6+ fxg6 27. Rxg6 Rf6 28. Ng5 hxg5 29. Qh5+ Kg8 30. Rxg5 Ree6 31. Re3 Rh6 0-1

[Event "Titled Tuesday intern op 28th Jan Early"]
[Site "Chess.com INT"]
[Date "2025.01.28"]
[Round "2"]
[White "Antunez, Soler Luis"]
[Black "Christiansen, Johan Sebastian"]
[Result "1-0"]
[WhiteElo "2200"]
[BlackElo "2664"]
[PlyCount "129"]
[EventDate "2025.01.28"]
[EventType "swiss (blitz)"]
[EventRounds "11"]
[EventCountry "USA"]
[SourceTitle "CB06_2025"]
[SourceDate "2025.02.05"]
[SourceVersion "1"]
[SourceVersionDate "2025.02.05"]
[SourceQuality "1"]

1. e4 e5 2. Nf3 Nc6 3. Bc4 Nf6 4. d3 d5 5. exd5 Nxd5 6. 0-0 Bc5 7. Re1 0-0 8. h3 Nb6 9. Bb3 a5 10. a3 a4 11. Ba2 h6 12. Nc3 Re8 13. Ne4 Bf8 14. Nfg5 Re7 15. Qh5 Nd5 16. Nc3 g6 17. Nxf7 Rxf7 18. Qxg6+ Rg7 19. Bxd5+ Kh8 20. Qh5 Qf6 21. Qxh6+ Qxh6 22. Bxh6 Nd4 23. Bxg7+ Bxg7 24. Rac1 c6 25. Ba2 Bf5 26. Ne2 Nb5 27. Ng3 Bg6 28. Ne4 Nd4 29. c3 Nb5 30. Bc4 Rf8 31. Bxb5 cxb5 32. Nd6 Bxd3 33. Rcd1 Bc2 34. Rd2 Bb3 35. Nxb5 Rg8 36. Nd6 b6 37. Nf5 Bf6 38. Rd6 Rf8 39. Re3 Bc2 40. g4 e4 41. Nd4 Bd3 42. Nf5 Bg5 43. Rdxd3 exd3 44. Rxd3 Re8 45. Kg2 Re2 46. h4 Bf4 47. Kf3 Rd2 48. Kxf4 Rxd3 49. g5 Rd2 50. g6 Rxf2+ 51. Kg5 Rxb2 52. h5 Rg2+ 53. Kf6 Rf2 54. h6 Rf3 55. c4 Rf1 56. g7+ Kh7 57. Ke6 Rf2 58. Ne7 Re2+ 59. Kf7 Rf2+ 60. Ke8 Re2 61. Kd7 Rg2 62. g8Q+ Rxg8 63. Nxg8 Kxg8 64. Kc6 b5 65. Kxb5 1-0

[Event "Titled Tuesday intern op 28th Jan Early"]
[Site "Chess.com INT"]
[Date "2025.01.28"]
[Round "8"]
[White "Aradhya, Garg"]
[Black "Christiansen, Johan Sebastian"]
[Result "1-0"]
[WhiteElo "2348"]
[BlackElo "2664"]
[PlyCount "109"]
[EventDate "2025.01.28"]
[EventType "swiss (blitz)"]
[EventRounds "11"]
[EventCountry "USA"]
[SourceTitle "CB06_2025"]
[SourceDate "2025.02.05"]
[SourceVersion "1"]
[SourceVersionDate "2025.02.05"]
[SourceQuality "1"]

1. d4 Nf6 2. Nf3 d6 3. c4 g6 4. Nc3 Bf5 5. d5 Bg7 6. Nd4 Bd7 7. g3 e6 8. dxe6 fxe6 9. Bg2 Nc6 10. 0-0 0-0 11. Bg5 Qe7 12. Rc1 Qf7 13. Nxc6 Bxc6 14. Qd2 Bxg2 15. Kxg2 Ng4 16. f3 Ne5 17. b3 Nc6 18. Bh6 a6 19. Ne4 Rae8 20. Rcd1 Bxh6 21. Qxh6 Qg7 22. Qxg7+ Kxg7 23. Rd2 h6 24. Rfd1 Rf5 25. h4 Ref8 26. Nc3 R5f7 27. Rd3 Re7 28. Re3 Rfe8 29. f4 e5 30. Nd5 Rf7 31. g4 Ref8 32. f5 gxf5 33. gxf5 Nd4 34. Rg3+ Kh7 35. e4 c6 36. Nb6 Rg8 37. Rdd3 Rfg7 38. Rxg7+ Rxg7+ 39. Rg3 Rxg3+ 40. Kxg3 Kg7 41. c5 dxc5 42. Nd7 Ne2+ 43. Kf3 Nc1 44. Nxe5 Nxa2 45. Nd7 Nc1 46. Nxc5 b6 47. Nxa6 Nxb3 48. e5 c5 49. Ke4 c4 50. Kd5 c3 51. Nb4 Nc5 52. Kd6 Ne4+ 53. Ke7 b5 54. f6+ Kg6 55. f7 1-0

[Event "Titled Tuesday intern op 28th Jan Early"]
[Site "Chess.com INT"]
[Date "2025.01.28"]
[Round "7"]
[White "Christiansen, Johan Sebastian"]
[Black "Shirov, Alexei"]
[Result "1-0"]
[WhiteElo "2664"]
[BlackElo "2648"]
[PlyCount "89"]
[EventDate "2025.01.28"]
[EventType "swiss (blitz)"]
[EventRounds "11"]
[EventCountry "USA"]
[SourceTitle "CB06_2025"]
[SourceDate "2025.02.05"]
[SourceVersion "1"]
[SourceVersionDate "2025.02.05"]
[SourceQuality "1"]

1. e4 e5 2. Nf3 Nc6 3. Nc3 Nf6 4. Nd5 Bc5 5. c3 0-0 6. d3 Nxd5 7. exd5 Ne7 8. Nxe5 d6 9. Nf3 Nxd5 10. d4 Bb6 11. Be2 Re8 12. 0-0 Bg4 13. h3 Bh5 14. a4 a5 15. Re1 Qd7 16. Bd2 c6 17. Ng5 Bxe2 18. Rxe2 Rxe2 19. Qxe2 Re8 20. Qd3 Nf6 21. Nf3 Ne4 22. Be3 Bc7 23. Bf4 d5 24. Bxc7 Qxc7 25. Ne5 f6 26. Nf3 Nd6 27. b3 Re6 28. c4 Ne4 29. Rc1 Qd7 30. Re1 Nd6 31. cxd5 Rxe1+ 32. Nxe1 cxd5 33. Qc3 b6 34. Nc2 Qc8 35. Qd3 Qf5 36. Qd2 Ne4 37. Qe3 Kf7 38. Ne1 Nd6 39. Nf3 Qe4 40. Qc3 Qb1+ 41. Kh2 Ne4 42. Qc7+ Kg6 43. Nh4+ Kh6 44. Nf5+ Kg5 45. Qxg7+ 1-0